ნორმალური ფორმატი
MARC ფორმატი
ჩანაწერი Corporate Name
ჩანაწერთა რაოდენობა, რომელიც გამოყენებულია: 1
001 - CONTROL NUMBER
- control field: 21600
003 - CONTROL NUMBER IDENTIFIER
- control field: GE_BSU
005 - DATE AND TIME OF LATEST TRANSACTION
- control field: 20240326160839.0
008 - FIXED-LENGTH DATA ELEMENTS
- fixed length control field: 240326|| aca||aabn | a|a d
040 ## - CATALOGING SOURCE
- Original cataloging agency: GE_BSU
- Transcribing agency: GE_BSU
110 ## - HEADING--CORPORATE NAME
- Corporate name or jurisdiction name as entry element: საქ. კულტ., ძეგლთა დაცვისა და სპორტის სამ., დიდი მცხეთის მუზეუმ-ნაკრძალი.
670 ## - SOURCE DATA FOUND
- Source citation: Work cat.: (GE_BSU): ბიბილური, თემურ, ავტ. 21597, სამთავროს სამაროვნის ახ. წ. II-IV სს. არქეოლოგიური ძეგლები /
